| 000 | 00673nam a2200217Ia 4500 | ||
|---|---|---|---|
| 999 |
_c65270 _d65270 |
||
| 005 | 20240530110816.0 | ||
| 008 | 140319s2003 au a f b 000 0 ara d | ||
| 017 |
_a2003/18858 _bمصر. دار الكتب |
||
| 020 | _a9771711393 | ||
| 040 |
_aGCL / _cGCL |
||
| 082 | 0 | 4 |
_221 _a792.8 / _bأ ط |
| 100 | 0 | _aاحمد حسن جمعة | |
| 245 | 1 | 2 |
_aطرق تدريس فن الباليه / _cتأليف احمد حسن جمعة |
| 250 | _aط.1 | ||
| 260 |
_aالقاهرة : _bالمؤلف، _c2003 . |
||
| 300 |
_a185 ص. : _bايض. ؛ _c24 سم. |
||
| 650 | 0 | 7 |
_aالباليه _2qrmak |
| 651 | _2qrmak | ||
| 942 |
_2ddc _cBK |
||